(19) - 50 villes les plus peuplées de la Corrèze (19) - Statistiques

Statistiques générales
  • Ce quiz a été pris 14 fois
  • Le résultat moyen est 13 sur 50
Statistiques - réponses
nombre d'habitant ville % Correct
13 401 Tulle
100%
47 095 Brive-la-Gaillarde
91%
9 187 Ussel
82%
2 814 Uzerche
73%
8 239 Malemort
64%
4 341 Égletons
55%
4 322 Ussac
55%
4 081 Allassac
45%
2 246 Lubersac
45%
3 721 Objat
45%
5 091 Saint-Pantaléon-de-Larche
45%
1 310 Beaulieu-sur-Dordogne
36%
3 044 Cosnac
36%
2 733 Donzenac
36%
2 389 Meymac
36%
2 881 Argentat-sur-Dordogne
27%
1 205 Arnac-Pompadour
27%
1 318 Beynat
27%
1 171 Corrèze
27%
1 645 Larche
27%
2 281 Naves
27%
2 483 Bort-les-Orgues
18%
1 554 Mansac
18%
1 310 Meyssac
18%
1 567 Neuvic
18%
1 270 Perpezac-le-Noir
18%
2 081 Sainte-Féréole
18%
1 153 Saint-Germain-les-Vergnes
18%
1 892 Saint-Viance
18%
1 256 Treignac
18%
2 409 Varetz
18%
1 433 Chamberet
9%
1 261 Cornil
9%
1 728 Cublac
9%
1 153 Juillac
9%
1 388 Les Trois-Saints
9%
1 083 Rosiers-d'Égletons
9%
1 010 Sadroc
9%
1 386 Saint-Clément
9%
1 798 Sainte-Fortunade
9%
1 034 Saint-Privat
9%
1 805 Seilhac
9%
1 300 Vigeois
9%
1 155 Chamboulive
0%
1 481 Chameyrat
0%
1 121 Favars
0%
1 197 Lagraulière
0%
1 577 Laguenne-sur-Avalouze
0%
1 330 Saint-Mexant
0%
1 249 Voutezac
0%
Aucun quiz correspondant
Distribution des résultats
% des personnes avec chaque résultat
Percentile par nombre de réponses
Votre historique - résultats
Vous n’avez pas pris ce quiz